Les choses qui sont blanches par l'image - Statistiques

Statistiques générales
  • Ce quiz a été pris 197 fois
  • Le résultat moyen est 9 sur 18
Statistiques - réponses
Par images Hint Réponse % Correct
animal cygne
98%
édifice Maison-Blanche
97%
pays avec ce drapeau Finlande
87%
type d'arbre bouleau
75%
animal béluga
72%
fleur marguerite
72%
porcelaine
71%
le matériau de ce bâtiment marbre
62%
montagne spécifique mont Fuji
59%
fleur edelweiss
40%
endroit Antarctique
38%
aliment guimauve
35%
substance ivoire
27%
les falaises près de cette ville Douvres
17%
musée de New York Guggenheim
12%
île Santorini
12%
type de nuage cirrus
11%
race de chien bichon frise
5%
Aucun quiz correspondant
Distribution des résultats
% des personnes avec chaque résultat
Percentile par nombre de réponses
Votre historique - résultats
Vous n’avez pas pris ce quiz